书目信息 |
| 题名: |
汤姆森英语词汇进阶训练
|
|
| 作者: | 伯曼, , 鲍威尔, , 弗劳尔, 编 ;卢小萍 翻译 | |
| 分册: | 中级 | |
| 出版信息: | 北京 北京语言大学出版社 2005.06 |
|
| 页数: | 92页 | |
| 开本: | 23cm | |
| 丛书名: | 汤姆森语言教学系列丛书 | |
| 单 册: | ||
| 中图分类: | H313 | |
| 科图分类: | ||
| 主题词: | 英语--ying yu--词汇--自学参考资料 | |
| 电子资源: | ||
| ISBN: | 7-5619-1417-2 | |
| 000 | 01292nam 2200301 450 | |
| 001 | 012006999269 | |
| 005 | 20060912161523.75 | |
| 010 | @a7-5619-1417-2@dCNY12.80 | |
| 100 | @a20060619d2005 km y0chiy0120 ea | |
| 101 | 2 | @achi@aeng@ceng |
| 102 | @aCN@b110000 | |
| 105 | @aa z 000yy | |
| 200 | 1 | @a汤姆森英语词汇进阶训练@Atang mu sen ying yu ci hui jin jie xun lian@d= Build Your Vocabulary@i中级@fJohn Flower, Michael Berman, Mark Powell编著@FJohn Flower,Michael Berman,Mark Powell bian zhu@g卢小萍翻译@zeng@Glu xiao ping fan yi |
| 210 | @a北京@c北京语言大学出版社@d2005.06 | |
| 215 | @a92页@c图@d23cm | |
| 225 | 2 | @a汤姆森语言教学系列丛书@Atang mu sen yu yan jiao xue xi lie cong shu |
| 314 | @a责任者规范汉译姓:弗劳尔 | |
| 330 | @a本书是为初、中级成人英语学习者学习英语词汇而编写的自学用书。通过有趣的、形式多样化的练习帮助学习者学习词汇。 | |
| 410 | 0 | @12001 @a汤姆森语言教学系列丛书 |
| 510 | 1 | @aBuild Your Vocabulary@zeng |
| 606 | 0 | @a英语@Aying yu@x词汇@j自学参考资料 |
| 690 | @aH313@v4 | |
| 701 | 1 | @a伯曼,@Abo man,@bM.@g(Berman, Michael)@4编 |
| 701 | 1 | @a鲍威尔,@Abao wei er,@bM.@g(Powell, Mark)@4编 |
| 701 | 1 | @a弗劳尔,@Afu lao er,@bJ.@g(Flower, J.)@4编 |
| 702 | 0 | @a卢小萍@Alu xiao ping@4翻译 |
| 801 | 0 | @aCN@bQSSK@c20060912 |
| 905 | @a10447@dH313@eF590 | |
| 汤姆森英语词汇进阶训练= Build Your Vocabulary.中级/John Flower, Michael Berman, Mark Powell编著/卢小萍翻译.-北京:北京语言大学出版社,2005.06 |
| 92页:图;23cm.-(汤姆森语言教学系列丛书) |
| ISBN 7-5619-1417-2:CNY12.80 |
| 本书是为初、中级成人英语学习者学习英语词汇而编写的自学用书。通过有趣的、形式多样化的练习帮助学习者学习词汇。 |
| ● |
| 相关链接 |
|
|
|
正题名:汤姆森英语词汇进阶训练
索取号:H313/F590
 
预约/预借
| 序号 | 登录号 | 条形码 | 馆藏地/架位号 | 状态 | 备注 |
| 1 | 589485 | 205894852 | 语言库209/209语言库 102排1列5层/ [索取号:H313/F590] | 在馆 | |
| 2 | 589486 | 205894861 | 语言库209/209语言库 102排1列5层/ [索取号:H313/F590] | 在馆 | |
| 3 | 589487 | 205894870 | 语言库209/209语言库 102排1列5层/ [索取号:H313/F590] | 在馆 |